駅名に「一」が含まれる日本の鉄道駅 - Statistics

General Stats
  • This quiz has been taken 104 times
  • The average score is 15 of 56
Answer Stats
路線名 Answer % Correct
東北新幹線/東北本線/大船渡線 一ノ関
74%
東海道本線 尾張一宮
70%
ことでん琴平線 一宮
67%
外房線 上総一ノ宮
66%
銀座線/半蔵門線/都営大江戸線 青山一丁目
59%
東京メトロ有楽町線 銀座一丁目
58%
名鉄名古屋本線/尾西線 名鉄一宮
58%
いわて銀河鉄道線 一戸
51%
都営新宿線 一之江
51%
東京メトロ南北線 六本木一丁目
50%
東武伊勢崎線 一ノ割
43%
日田彦山線 一本松
42%
東武越生線 一本松
42%
西武多摩湖線 一橋学園
41%
留萌本線 北一已
39%
都電荒川線 荒川一中前
39%
大糸線 一日市場
32%
一畑電車北松江線 一畑口
29%
高山本線 飛騨一ノ宮
26%
紀勢本線 一身田
26%
土讃線 土佐一宮
26%
名鉄尾西線 西一宮
26%
名古屋市営地下鉄東山線 一社
25%
飯田線 三河一宮
24%
名鉄名古屋本線 一ツ木
24%
都電荒川線 滝野川一丁目
24%
吉備線 備前一宮
22%
名松線 一志
21%
近鉄生駒線 一分
21%
越美北線 一乗谷
20%
筑肥線 一貴山
20%
伊勢鉄道伊勢線 東一身田
20%
いわて銀河鉄道線 金田一温泉
16%
仙台市営地下鉄東西線 青葉通一番町
16%
天竜浜名湖鉄道天竜浜名湖線 遠江一宮
14%
叡山電鉄叡山本線 一乗寺
14%
とさでん交通 桟橋通一丁目
14%
肥薩線 一勝地
13%
名鉄竹鼻線 不破一色
13%
三陸鉄道リアス線 一の渡
13%
上信電鉄上信線 上州一ノ宮
13%
能勢電鉄妙見線 一の鳥居
13%
伊予鉄道市内線 本町一丁目
13%
仙台市営地下鉄南北線 長町一丁目
12%
遠州鉄道鉄道線 第一通り
8%
広島電鉄 段原一丁目
8%
とさでん交通 一条橋
8%
広島電鉄 横川一丁目
5%
伊予鉄道市内線 上一万
5%
とさでん交通 知寄町一丁目
5%
くま川鉄道湯前線 一武
5%
とさでん交通 上町一丁目
3%
鹿児島市電 宇宿一丁目
3%
とさでん交通 旭町一丁目
1%
万葉線 第一イン新湊 クロスベイ前
0%
伊予鉄道市内線 平和通一丁目
0%
No matching quizzes found
Score Distribution
Percent of People with Each Score
Percentile by Number Answered
Your Score History
You have not taken this quiz